000 00516nam a2200157Ia 4500
008 151213s9999 xx 000 0 und d
100 _aed. MH Abrams & Stephen Greenblatt (V. - 1)
245 _aThe Norton Anthology of English Literature
_ced. MH Abrams & Stephen Greenblatt (V. - 1)
250 _a7th
260 _aNew York
_bNorton & Company
_c2000
300 _a3574 p.
650 _aEnglish Literature
650 _aEnglish Literature
700 _aed. MH Abrams & Stephen Greenblatt (V. - 1)
999 _c2377
_d2377